[Event "4NCL Online Division 4"]
[Site "online"]
[Date "2020.11.03"]
[Round "6.91"]
[White "Cheal, Barry A"]
[Black "Brown, Geoffrey D"]
[Result "1-0"]
[WhiteElo "2193"]
[BlackElo "1726"]
[PlyCount "119"]
[EventDate "2020.11.03"]
[WhiteTeam "Hertford 1"]
[BlackTeam "Darnall & Handsworth"]

1. b3 e5 2. Bb2 Nc6 3. e3 d5 4. Bb5 Bd6 5. Nf3 Qe7 6. d4 Bg4 7. h3 Bxf3 8. Qxf3
e4 9. Qe2 Nf6 10. Nd2 O-O 11. Bxc6 bxc6 12. c4 Ba3 13. Bxa3 Qxa3 14. O-O Qe7
15. Rfc1 a5 16. Rab1 Rfb8 17. c5 Qe6 18. Rb2 h6 19. Nf1 h5 20. Rcb1 g5 21. b4
axb4 22. Rxb4 Rxb4 23. Rxb4 h4 24. Nh2 Kf8 25. a4 Ke7 26. Qd1 Nd7 27. Rb7 Kd8
28. Qh5 Qe7 29. Rb4 f5 30. Qg6 Qf6 31. Qxf6+ Nxf6 32. Kf1 Kc8 33. Ke2 Ra5 34.
Nf1 Nd7 35. Nd2 Nb8 36. Nb3 Ra8 37. a5 Na6 38. Ra4 Rb8 39. Ra3 Rb4 40. Kd2 g4
41. Kc3 Rc4+ 42. Kd2 Nb4 43. Na1 Nd3 44. f3 exf3 45. gxf3 g3 46. a6 Kb8 47.
Rb3+ Ka8 48. Kxd3 Ra4 49. Rb1 Ra2 50. Nc2 Ka7 51. f4 Rxa6 52. Ke2 Ra2 53. Ra1
Rxa1 54. Nxa1 Ka6 55. Nb3 Kb5 56. Nd2 Kb4 57. Nf3 Kc3 58. Nxh4 Kc4 59. Ng2 Kc3
60. h4 1-0

[Event "4NCL Online Division 4"]
[Site "online"]
[Date "2020.11.03"]
[Round "6.92"]
[White "Brennan, Oliver"]
[Black "Capes, Ian"]
[Result "0-1"]
[WhiteElo "1772"]
[BlackElo "1922"]
[PlyCount "108"]
[EventDate "2020.11.03"]
[WhiteTeam "Darnall & Handsworth"]
[BlackTeam "Hertford 1"]

1. d4 f5 2. c4 Nf6 3. Nc3 g6 4. Nf3 Bg7 5. g3 d6 6. Bg2 O-O 7. O-O Qe8 8. d5 a5
9. Nb5 Na6 10. Be3 c6 11. Nbd4 cxd5 12. cxd5 Nc7 13. Ng5 Ng4 14. Bf4 h6 15.
Nge6 Nxe6 16. Nxe6 Bxe6 17. dxe6 Rb8 18. Rb1 g5 19. Bc1 Qg6 20. Qd5 b6 21. b4
f4 22. Be4 Nf6 23. Bxg6 Nxd5 24. bxa5 bxa5 25. Bf7+ Kh7 26. Bd2 Bc3 27. Rxb8
Rxb8 28. Bxc3 Nxc3 29. Re1 fxg3 30. hxg3 Rb2 31. Kf1 Nxa2 32. Bh5 Kg7 33. Bf3
Kf6 34. Bd5 Nb4 35. Bc4 d5 36. Bd3 Kxe6 37. Ra1 Ra2 38. Rxa2 Nxa2 39. e4 Nb4
40. exd5+ Kxd5 41. Bb5 Nc2 42. Kg2 Nd4 43. Ba4 e5 44. f3 Kc4 45. Kf2 Kb4 46.
Bd7 a4 47. Bxa4 Kxa4 48. Ke3 Ne6 49. Ke4 Nd4 50. f4 exf4 51. gxf4 Ne6 52. fxg5
hxg5 53. Kf5 Kb5 54. Kxe6 g4 0-1

[Event "4NCL Online Division 4"]
[Site "online"]
[Date "2020.11.03"]
[Round "6.93"]
[White "Morris, Simon P"]
[Black "Chatterton, Craig"]
[Result "1/2-1/2"]
[WhiteElo "1915"]
[BlackElo "1570"]
[PlyCount "108"]
[EventDate "2020.11.03"]
[WhiteTeam "Hertford 1"]
[BlackTeam "Darnall & Handsworth"]

1. e4 e6 2. Nf3 d5 3. Nc3 d4 4. Ne2 c5 5. c3 Nc6 6. cxd4 cxd4 7. Qa4 Bc5 8. b4
d3 9. bxc5 dxe2 10. Bxe2 Nf6 11. O-O O-O 12. Bb2 Bd7 13. Qc4 a6 14. d4 Na5 15.
Qc2 Bc6 16. Bd3 Rc8 17. Ne5 Nh5 18. Qc3 f6 19. Nxc6 Nxc6 20. f4 e5 21. fxe5
fxe5 22. dxe5 Qg5 23. e6 Ne7 24. Rxf8+ Rxf8 25. Bc1 Qg4 26. Qc2 Nf4 27. Bxf4
Rxf4 28. Rf1 Rxf1+ 29. Bxf1 h6 30. Bc4 Qg5 31. Bd3 Nc6 32. Qf2 Qc1+ 33. Bf1 Qg5
34. h3 a5 35. Qf5 Qe7 36. Qd5 Kf8 37. Bc4 a4 38. a3 Kg8 39. Bb5 Qg5 40. Bxc6
Qc1+ 41. Kf2 Qf4+ 42. Ke2 bxc6 43. Qxc6 Qf8 44. Qd6 Qf6 45. e7 Qb2+ 46. Ke3
Qc1+ 47. Kd4 Qb2+ 48. Kd5 Qb7+ 49. Ke6 Qxe4+ 50. Kd7 Qb7+ 51. Ke6 Qe4+ 52. Kd7
Qb7+ 53. Qc7 Qd5+ 54. Qd6 Qb7+ 1/2-1/2

[Event "4NCL Online Division 4"]
[Site "online"]
[Date "2020.11.03"]
[Round "6.94"]
[White "Feather, Harry"]
[Black "Du Boulay, Andrew"]
[Result "1-0"]
[WhiteElo "1562"]
[BlackElo "1780"]
[PlyCount "53"]
[EventDate "2020.11.03"]
[WhiteTeam "Darnall & Handsworth"]
[BlackTeam "Hertford 1"]

1. f4 d5 2. Nf3 g6 3. e3 Bg7 4. c4 e6 5. Be2 Nf6 6. Nc3 O-O 7. O-O c5 8. d4
cxd4 9. Nxd4 Nc6 10. b3 dxc4 11. Nxc6 bxc6 12. Ba3 Re8 13. bxc4 Qb6 14. Qc1 Ne4
15. Nxe4 Bxa1 16. Bc5 Qb2 17. Qxa1 Qxa1 18. Rxa1 Rd8 19. Be7 Bb7 20. Bxd8 Rxd8
21. c5 Kf8 22. Nd6 Bc8 23. Rb1 Ke7 24. Rb8 Kd7 25. Ra8 Rf8 26. Rxa7+ Kd8 27.
Nxc8 1-0

[Event "4NCL Online Division 4"]
[Site "online"]
[Date "2020.11.03"]
[Round "6.101"]
[White "Vaidyanathan, Adithya"]
[Black "Dasgupta, Avyukt"]
[Result "0-1"]
[WhiteElo "1472"]
[BlackElo "1757"]
[PlyCount "133"]
[EventDate "2020.11.03"]
[WhiteTeam "Warwickshire Bears C"]
[BlackTeam "Watford Juniors A"]

1. Nf3 e6 2. d4 Nf6 3. c4 b6 4. Nc3 Bb7 5. Bg5 Be7 6. Bxf6 Bxf6 7. e4 d5 8.
cxd5 exd5 9. e5 Be7 10. Qa4+ c6 11. Bd3 Nd7 12. Qd1 g6 13. O-O O-O 14. Qd2 Kg7
15. Rfe1 b5 16. Nxb5 cxb5 17. Bxb5 Nb6 18. b3 a5 19. Re2 Bb4 20. Qd3 Qe7 21. a3
Bxa3 22. Rea2 Bb4 23. Re2 Rac8 24. Ba6 Rc7 25. Bxb7 Rxb7 26. e6 f6 27. h4 Qd6
28. h5 Re7 29. hxg6 hxg6 30. Nh4 f5 31. Qg3 Qxg3 32. fxg3 Rf6 33. Nf3 Rfxe6 34.
Re5 Rxe5 35. Nxe5 Bc3 36. Rd1 Bxd4+ 37. Rxd4 Rxe5 38. b4 a4 39. Rd3 Re4 40. b5
Rb4 41. Rc3 Rxb5 42. Rc7+ Kf6 43. Rc6+ Kg5 44. Kf2 a3 45. Rc1 Rb2+ 46. Ke3 Nc4+
47. Kd4 a2 48. Ra1 Nd2 49. Kc3 Nb3 50. Kxb2 Nxa1 51. Kxa1 Kg4 52. Kxa2 Kxg3 53.
Kb3 Kxg2 54. Kc3 f4 55. Kd4 f3 56. Kxd5 f2 57. Ke4 f1=Q 58. Ke5 Qf3 59. Ke6
Qe4+ 60. Kf7 Qf5+ 61. Kg7 g5 62. Kh6 g4 63. Kg7 g3 64. Kh6 Kf2 65. Kg7 g2 66.
Kg8 g1=Q+ 67. Kh8 0-1

[Event "4NCL Online Division 4"]
[Site "online"]
[Date "2020.11.03"]
[Round "6.102"]
[White "Demjan, Denisz"]
[Black "Xia, Weiquan"]
[Result "1-0"]
[WhiteElo "1262"]
[BlackElo "1390"]
[PlyCount "113"]
[EventDate "2020.11.03"]
[WhiteTeam "Watford Juniors A"]
[BlackTeam "Warwickshire Bears C"]

1. e4 Nc6 2. Bc4 d6 3. d3 Nf6 4. Nc3 e5 5. Bg5 Be7 6. Nf3 h6 7. Bh4 Bg4 8. Bxf6
Bxf6 9. Nd5 Nd4 10. h3 Nxf3+ 11. gxf3 Be6 12. Nxf6+ Qxf6 13. Bxe6 fxe6 14. Rg1
O-O-O 15. Qe2 Rdf8 16. Rg3 Qf4 17. Qe3 Qxe3+ 18. fxe3 Rf7 19. Kf2 g5 20. Ke2
Rhf8 21. Rf1 d5 22. a4 a6 23. b3 c5 24. c3 Kc7 25. c4 d4 26. Rb1 a5 27. Rf1 b6
28. Rg4 Kd6 29. h4 Rg7 30. Rfg1 Rfg8 31. f4 dxe3 32. fxg5 hxg5 33. Rxg5 Rxg5
34. Rxg5 Rxg5 35. hxg5 Ke7 36. Kxe3 Kf7 37. Kf3 Kg6 38. Kg4 Kg7 39. Kh5 Kf7 40.
Kh6 Kg8 41. Kg6 Kf8 42. Kh7 Kf7 43. g6+ Kf6 44. g7 Kg5 45. g8=Q+ Kf4 46. Qg1
Kf3 47. Qe1 Kf4 48. Kg7 Kg4 49. Qf1 Kg5 50. Kf7 Kg4 51. Kxe6 Kg5 52. Kxe5 Kg6
53. Qf6+ Kh7 54. Qg5 Kh8 55. Kf6 Kh7 56. Kf7 Kh8 57. Qg7# 1-0

[Event "4NCL Online Division 4"]
[Site "online"]
[Date "2020.11.03"]
[Round "6.104"]
[White "George, Seb"]
[Black "Vaidyanathan, Sathya"]
[Result "1-0"]
[WhiteElo "1150"]
[BlackElo "1127"]
[PlyCount "127"]
[EventDate "2020.11.03"]
[WhiteTeam "Watford Juniors A"]
[BlackTeam "Warwickshire Bears C"]

1. c4 e5 2. g3 Nc6 3. e3 Bc5 4. a3 a6 5. Ne2 d6 6. d4 exd4 7. exd4 Ba7 8. Bg2
Nf6 9. O-O Bf5 10. Re1 O-O 11. Nbc3 h6 12. d5 Ne5 13. Nd4 Bg4 14. Bf3 Bxd4 15.
Bxg4 Bxc3 16. bxc3 Nfxg4 17. f4 Nxc4 18. Qxg4 Qf6 19. f5 Rfe8 20. Rxe8+ Rxe8
21. Qxc4 Qxf5 22. Qf4 Qxf4 23. Bxf4 g5 24. Bd2 Re5 25. c4 b5 26. cxb5 axb5 27.
Re1 Rxd5 28. Re8+ Kh7 29. Bc3 Rd3 30. Rh8+ Kg6 31. Rg8+ Kf5 32. Bg7 Rxa3 33.
Bxh6 Ra1+ 34. Kg2 Ra2+ 35. Kh3 b4 36. g4+ Kf4 37. Bxg5+ Ke5 38. Bd8 b3 39. Bxc7
b2 40. Rb8 Ke6 41. Bd8 d5 42. Rb6+ Ke5 43. Bf6+ Ke4 44. Rb4+ Ke3 45. Rb3+ Ke4
46. Rxb2 Ra3+ 47. Kh4 d4 48. Rb4 Rd3 49. Rxd4+ Rxd4 50. Bxd4 Kxd4 51. Kg5 Ke5
52. h4 Ke6 53. h5 Ke7 54. h6 Kf8 55. Kf6 Kg8 56. h7+ Kxh7 57. Kxf7 Kh6 58. Kf6
Kh7 59. g5 Kh8 60. Kf7 Kh7 61. g6+ Kh8 62. g7+ Kh7 63. g8=Q+ Kh6 64. Qg6# 1-0

[Event "4NCL Online Division 4"]
[Site "online"]
[Date "2020.11.03"]
[Round "6.111"]
[White "Moore, Eoin"]
[Black "Raghavan, Rajeev P"]
[Result "1-0"]
[WhiteElo "1742"]
[BlackElo "1870"]
[PlyCount "51"]
[EventDate "2020.11.03"]
[WhiteTeam "Kent KJCA Kestrels D"]
[BlackTeam "Shropshire 3"]

1. d4 Nf6 2. c4 g6 3. Nc3 c5 4. d5 d6 5. e4 Bg7 6. Nge2 Na6 7. Ng3 Nc7 8. Be2
e6 9. O-O exd5 10. cxd5 a6 11. a4 O-O 12. Bg5 Re8 13. Qd2 Bd7 14. a5 Rb8 15.
Bf4 Qe7 16. e5 dxe5 17. d6 Qe6 18. dxc7 Rbc8 19. Be3 Rxc7 20. Nge4 Nxe4 21.
Nxe4 Rec8 22. Rac1 Bf8 23. Bg4 f5 24. Be2 fxe4 25. Bc4 b5 26. axb6 1-0

[Event "4NCL Online Division 4"]
[Site "online"]
[Date "2020.11.03"]
[Round "6.112"]
[White "Smith, Mark"]
[Black "Ratnesan, Radha"]
[Result "1/2-1/2"]
[WhiteElo "1802"]
[BlackElo "1622"]
[PlyCount "52"]
[EventDate "2020.11.03"]
[WhiteTeam "Shropshire 3"]
[BlackTeam "Kent KJCA Kestrels D"]

1. e4 e6 2. d4 d5 3. Nc3 Bb4 4. e5 c5 5. Bd2 Ne7 6. Nb5 Bxd2+ 7. Qxd2 O-O 8. f4
cxd4 9. Nxd4 a6 10. Bd3 Nbc6 11. Ngf3 Nf5 12. Nxf5 exf5 13. c3 Be6 14. Nd4 Nxd4
15. cxd4 Rc8 16. O-O Qb6 17. Qf2 Bd7 18. Rfc1 Rc6 19. Rxc6 Qxc6 20. Qc2 Qxc2
21. Bxc2 Rc8 22. Bd3 Rc6 23. Kf2 g6 24. Ke2 Rb6 25. b3 Rc6 26. Kd2 Kf8 1/2-1/2

[Event "4NCL Online Division 4"]
[Site "online"]
[Date "2020.11.03"]
[Round "6.113"]
[White "Lettington, David"]
[Black "Maydew, Simon"]
[Result "0-1"]
[WhiteElo "1637"]
[BlackElo "1765"]
[PlyCount "76"]
[EventDate "2020.11.03"]
[WhiteTeam "Kent KJCA Kestrels D"]
[BlackTeam "Shropshire 3"]

1. Nf3 d5 2. g3 Nf6 3. Bg2 Bf5 4. d3 e6 5. O-O Bd6 6. Nbd2 O-O 7. Qe1 Bg6 8. e4
dxe4 9. dxe4 e5 10. Nh4 Qe7 11. Nxg6 hxg6 12. Nc4 Bc5 13. c3 a5 14. Bg5 Qe6 15.
Nxa5 Rxa5 16. b4 Rxa2 17. bxc5 Rxa1 18. Qxa1 Na6 19. Be3 Qc6 20. Qa3 Nd7 21.
Rd1 Naxc5 22. Rd5 b6 23. Qb2 Ra8 24. c4 Nf6 25. Rd1 Ne6 26. Qxe5 Qxc4 27. h3
Ra5 28. Qb2 Nxe4 29. Bf1 Qa4 30. Rc1 Qa3 31. Qxa3 Rxa3 32. Bc4 Rc3 33. Rxc3
Nxc3 34. Kf1 b5 35. Bb3 Kf8 36. Ke1 Ke7 37. Kd2 Ne4+ 38. Kc2 Kd6 0-1

[Event "4NCL Online Division 4"]
[Site "online"]
[Date "2020.11.03"]
[Round "6.114"]
[White "Podlesak, Mark"]
[Black "Sagar, Aneesh"]
[Result "1-0"]
[WhiteElo "1735"]
[BlackElo "1577"]
[PlyCount "73"]
[EventDate "2020.11.03"]
[WhiteTeam "Shropshire 3"]
[BlackTeam "Kent KJCA Kestrels D"]

1. d4 d5 2. Nf3 Nf6 3. e3 c6 4. c4 Nbd7 5. Bd3 g6 6. Nc3 dxc4 7. Bxc4 Bg7 8.
O-O O-O 9. Bb3 Nb6 10. Ne5 Nfd5 11. e4 Nxc3 12. bxc3 Bxe5 13. dxe5 Qc7 14. Bh6
Rd8 15. Qf3 Be6 16. Bxe6 fxe6 17. Bf4 Nc4 18. Rfd1 Nxe5 19. Qg3 Rxd1+ 20. Rxd1
Rd8 21. Re1 Rd3 22. Bxe5 Qd7 23. f3 Rd2 24. Bd4 b6 25. Qe5 Rxd4 26. Qxd4 Qc7
27. Rd1 Qf4 28. e5 Qf5 29. Qd8+ Kf7 30. Qd4 c5 31. Qe4 Qg5 32. f4 Qg4 33. Rd7
a5 34. g3 Ke8 35. Qb7 Kf8 36. Qa8+ Kf7 37. Qd8 1-0

[Event "4NCL Online Division 4"]
[Site "online"]
[Date "2020.11.03"]
[Round "6.121"]
[White "Rossiter, Alex"]
[Black "Parry, Samuel"]
[Result "1-0"]
[WhiteElo "1967"]
[BlackElo "1982"]
[PlyCount "123"]
[EventDate "2020.11.03"]
[WhiteTeam "Bristol Cabot Blackbeards"]
[BlackTeam "Manchester Juniors A"]

1. e4 c5 2. c3 Nf6 3. e5 Nd5 4. d4 cxd4 5. Nf3 e6 6. cxd4 b6 7. Nc3 Nxc3 8.
bxc3 Qc7 9. Bd2 d6 10. Bd3 Nd7 11. Ng5 Bb7 12. O-O dxe5 13. Qh5 g6 14. Qh3 Be7
15. Rae1 e4 16. Bxe4 Bxe4 17. Rxe4 Qc6 18. Rfe1 Nf6 19. d5 Qxd5 20. Nxe6 fxe6
21. Rxe6 Ng8 22. Bc1 Kf7 23. c4 Qf5 24. Qe3 Bc5 25. Qe2 h5 26. Bb2 Rh7 27. Re5
Qg4 28. Qd3 Nf6 29. h3 Qf4 30. Qe2 Re8 31. Rxe8 Qxf2+ 32. Kh1 Qxe1+ 33. Qxe1
Nxe8 34. Qe4 Nd6 35. Qd5+ Ke7 36. Be5 Rf7 37. Kh2 Rf5 38. g4 hxg4 39. hxg4 Rf7
40. Kg3 Bf2+ 41. Kg2 Bc5 42. Bg3 a5 43. a4 Bb4 44. Qg5+ Kd7 45. Qxg6 Re7 46.
Qd3 Bc5 47. Qd5 Re2+ 48. Kh3 Re7 49. g5 Re6 50. Kg4 Ke7 51. Kh5 Ne4 52. Qb7+
Kf8 53. Qc8+ Kf7 54. g6+ Kf6 55. Bh4+ Ke5 56. g7 Nf6+ 57. Bxf6+ Rxf6 58. Qe8+
Kf4 59. g8=Q Rf5+ 60. Kh4 Bf2+ 61. Kh3 Rf6 62. Qg4# 1-0

[Event "4NCL Online Division 4"]
[Site "online"]
[Date "2020.11.03"]
[Round "6.122"]
[White "Gardiner, Ethan"]
[Black "Marston, Alastair"]
[Result "1-0"]
[WhiteElo "1780"]
[BlackElo "1742"]
[PlyCount "77"]
[EventDate "2020.11.03"]
[WhiteTeam "Manchester Juniors A"]
[BlackTeam "Bristol Cabot Blackbeards"]

1. e4 e6 2. d4 d5 3. Nc3 Bb4 4. e5 c5 5. a3 Bxc3+ 6. bxc3 Ne7 7. h4 Qa5 8. Bd2
Qa4 9. Nf3 b6 10. Qb1 Ba6 11. Bxa6 Qxa6 12. a4 Nbc6 13. Qb5 Qxb5 14. axb5 Na5
15. O-O O-O 16. dxc5 Nc4 17. c6 a6 18. Rxa6 Rxa6 19. bxa6 Nxc6 20. Bf4 Ra8 21.
Ra1 N6a5 22. Nd4 Rxa6 23. Nb5 Ra8 24. Nd6 Rd8 25. Be3 Nxd6 26. Bxb6 Rc8 27.
exd6 Nb7 28. Bc7 Kf8 29. Ra7 Nd8 30. d7 Rxc7 31. Rxc7 Ke7 32. f4 h5 33. Kf2 g6
34. Ke3 f6 35. Kd4 Kd6 36. Ra7 Nc6+ 37. Kd3 Ke7 38. Rc7 Kd6 39. Rxc6+ 1-0

[Event "4NCL Online Division 4"]
[Site "online"]
[Date "2020.11.03"]
[Round "6.123"]
[White "Roberts, Mike"]
[Black "Jayawarna, Tarini"]
[Result "0-1"]
[WhiteElo "1495"]
[BlackElo "1712"]
[PlyCount "92"]
[EventDate "2020.11.03"]
[WhiteTeam "Bristol Cabot Blackbeards"]
[BlackTeam "Manchester Juniors A"]

1. d4 Nf6 2. Bf4 g6 3. e3 Bg7 4. h3 O-O 5. Nf3 d6 6. Bc4 c5 7. dxc5 dxc5 8.
Qxd8 Rxd8 9. a3 b6 10. O-O Bb7 11. Ne5 Nc6 12. Nxf7 Rf8 13. Nd6+ Kh8 14. Nxb7
a6 15. Bh2 Ra7 16. Nxc5 bxc5 17. Nd2 Rd8 18. Nf3 Ne4 19. Bd3 Nf6 20. Ng5 e5 21.
Nf7+ Rxf7 22. Bxa6 Nd5 23. Bc4 Rb7 24. e4 Nb6 25. Ba6 Ra7 26. Bb5 Nd4 27. Rad1
Raa8 28. a4 Nxa4 29. Bxa4 Rxa4 30. Kh1 Rda8 31. c3 Nb3 32. f4 exf4 33. Bxf4
Rxe4 34. Rd5 Rf8 35. g3 Re2 36. Rb1 c4 37. Rd7 Rfe8 38. h4 h5 39. Rc7 R8e4 40.
Rc8+ Kh7 41. Rc7 Rf2 42. Bd6 Nd2 43. Kg1 Ree2 44. g4 Nf3+ 45. Kh1 Rh2+ 46. Bxh2
Rxh2# 0-1

[Event "4NCL Online Division 4"]
[Site "online"]
[Date "2020.11.03"]
[Round "6.124"]
[White "Jayawarna, Thisumi"]
[Black "Saha, Soumil"]
[Result "1/2-1/2"]
[WhiteElo "1705"]
[BlackElo "1060"]
[PlyCount "106"]
[EventDate "2020.11.03"]
[WhiteTeam "Manchester Juniors A"]
[BlackTeam "Bristol Cabot Blackbeards"]

1. e4 e6 2. d4 d5 3. e5 c5 4. c3 Nc6 5. Nf3 Bd7 6. a3 f6 7. exf6 Nxf6 8. Be2
Bd6 9. b4 cxd4 10. cxd4 a6 11. O-O b5 12. Re1 O-O 13. Bg5 Be7 14. h3 Ne4 15.
Bxe7 Qxe7 16. Bd3 Ng5 17. Nxg5 Qxg5 18. Bc2 Qf6 19. Rf1 Nxd4 20. Bd3 Nc6 21.
Nd2 e5 22. Qh5 g6 23. Qd1 Bf5 24. Bxf5 Qxf5 25. Nf3 d4 26. Qb3+ Qf7 27. Qxf7+
Rxf7 28. Rac1 Rc8 29. Nxe5 Rfc7 30. Nd3 Kf7 31. Nc5 a5 32. Rb1 axb4 33. axb4
Nxb4 34. Rxb4 Rxc5 35. Rxd4 Ke6 36. Re1+ Re5 37. Red1 Rb8 38. Rd6+ Kf5 39. Rb1
b4 40. Rd4 b3 41. Rd3 b2 42. Rd2 Reb5 43. Kf1 Ke4 44. Ke1 h5 45. Ke2 Rb3 46.
f3+ Kf4 47. Kd1 Ke3 48. Re2+ Kd3 49. Rd2+ Ke3 50. Re2+ Kd3 51. Rd2+ Kc3 52.
Rc2+ Kd3 53. Rd2+ Ke3 1/2-1/2

[Event "4NCL Online Division 4"]
[Site "online"]
[Date "2020.11.03"]
[Round "6.131"]
[White "Tarling, Ray"]
[Black "He, Tom Junde"]
[Result "1/2-1/2"]
[WhiteElo "1922"]
[BlackElo "1465"]
[PlyCount "154"]
[EventDate "2020.11.03"]
[WhiteTeam "Guildford Gatekeepers"]
[BlackTeam "Warwickshire Bears B"]

1. e4 c6 2. d4 d5 3. exd5 cxd5 4. c4 Nf6 5. Nc3 e6 6. Nf3 Bb4 7. Bd3 O-O 8. O-O
dxc4 9. Bxc4 a6 10. Bg5 Qc7 11. Qd3 Nfd7 12. a3 Bxc3 13. bxc3 b5 14. Bb3 Nc6
15. Bc2 g6 16. h4 f5 17. Bh6 Re8 18. Rfe1 Nf6 19. d5 Na5 20. d6 Qc4 21. Qxc4
Nxc4 22. Bf4 Nd5 23. Be5 Bd7 24. a4 h6 25. Bb3 Ncb6 26. a5 Nc4 27. Bxc4 bxc4
28. Bd4 Bb5 29. Ne5 Rad8 30. Nxg6 Rxd6 31. Re5 Kf7 32. h5 Nf6 33. Nf4 Ng4 34.
Rc5 e5 35. Rc7+ Rd7 36. Bb6 Rxc7 37. Bxc7 exf4 38. Bxf4 Rh8 39. Rd1 Nf6 40. Rd6
Ne4 41. Rd5 Nxc3 42. Rxf5+ Ke6 43. Re5+ Kf6 44. Re3 Kf5 45. Be5 Re8 46. Bxc3
Rxe3 47. fxe3 Kg5 48. Kf2 Kxh5 49. e4 Kg4 50. Be5 h5 51. Ke3 h4 52. Kd4 Bc6 53.
Ke3 Kg5 54. Bc3 Kg4 55. Be5 Kg5 56. Bc3 Kg6 57. Kf4 Kf7 58. Be1 Ke6 59. Bxh4 c3
60. Be1 c2 61. Bd2 Kf6 62. g4 Kg6 63. g5 Bb7 64. Ke5 Bc6 65. Kd4 Bb5 66. Kd5
Kf7 67. Kd6 Bc4 68. Ke5 Bb5 69. Kf5 Bd7+ 70. Ke5 Bc6 71. Kd4 Kg6 72. Kd3 Bb7
73. Kd4 Bc6 74. Ke5 Bb7 75. Kf4 Bc6 76. Ke5 Bb7 77. Kd4 Bc6 1/2-1/2

[Event "4NCL Online Division 4"]
[Site "online"]
[Date "2020.11.03"]
[Round "6.132"]
[White "Nasibova, Margarita"]
[Black "Merriman, Rob"]
[Result "0-1"]
[WhiteElo "1435"]
[BlackElo "1795"]
[PlyCount "56"]
[EventDate "2020.11.03"]
[WhiteTeam "Warwickshire Bears B"]
[BlackTeam "Guildford Gatekeepers"]

1. c4 e5 2. Nc3 Bb4 3. g3 Nf6 4. Bg2 O-O 5. e4 Bxc3 6. bxc3 c6 7. Ne2 d5 8.
cxd5 cxd5 9. exd5 Nxd5 10. O-O Nc6 11. h3 Be6 12. f4 Qd7 13. Kh2 Rad8 14. fxe5
Nxe5 15. d4 Nc4 16. Qd3 b5 17. Nf4 Bf5 18. Qf3 Nxf4 19. Bxf4 Bg6 20. h4 f6 21.
Bh3 Bf5 22. g4 Be6 23. Qg3 Rde8 24. g5 fxg5 25. Bxg5 Bxh3 26. Qxh3 Re2+ 27. Kg3
Qd6+ 28. Bf4 Re3+ 0-1

[Event "4NCL Online Division 4"]
[Site "online"]
[Date "2020.11.03"]
[Round "6.133"]
[White "Kammin, Samuel"]
[Black "Amir, Zain"]
[Result "1-0"]
[WhiteElo "1780"]
[BlackElo "1427"]
[PlyCount "59"]
[EventDate "2020.11.03"]
[WhiteTeam "Guildford Gatekeepers"]
[BlackTeam "Warwickshire Bears B"]

1. d4 d5 2. Nf3 Nc6 3. c4 e6 4. g3 Nf6 5. Bg2 Be7 6. O-O O-O 7. Nbd2 h6 8. a3
a6 9. b4 Re8 10. Bb2 Nh7 11. e4 dxe4 12. Nxe4 Nf6 13. Qc2 Nxe4 14. Qxe4 Bf6 15.
Ne5 Nxe5 16. dxe5 Be7 17. Rfd1 Bd7 18. Qxb7 Rb8 19. Qxa6 Qc8 20. Qa7 Bg5 21. h4
Be7 22. Rd2 Rd8 23. Rad1 Rb6 24. c5 Ra6 25. Qb7 Qxb7 26. Bxb7 Ra7 27. c6 Kf8
28. Rxd7 Rxd7 29. Rxd7 Ke8 30. Rxc7 1-0

[Event "4NCL Online Division 4"]
[Site "online"]
[Date "2020.11.03"]
[Round "6.134"]
[White "Johal, Amrissa Kaur"]
[Black "Tarling, Adam"]
[Result "0-1"]
[WhiteElo "1420"]
[BlackElo "1720"]
[PlyCount "118"]
[EventDate "2020.11.03"]
[WhiteTeam "Warwickshire Bears B"]
[BlackTeam "Guildford Gatekeepers"]

1. d4 Nf6 2. Nf3 e6 3. Nc3 d5 4. Bg5 Be7 5. Bxf6 Bxf6 6. e4 dxe4 7. Nxe4 Be7 8.
a3 O-O 9. Be2 b6 10. O-O Bb7 11. Bd3 Nd7 12. Re1 h6 13. c3 Nf6 14. Nxf6+ Bxf6
15. Qe2 Qd6 16. Nd2 c5 17. dxc5 Qxc5 18. Ne4 Qe7 19. Bc2 Rfd8 20. Rad1 g6 21.
Qe3 Bg7 22. h3 Rxd1 23. Rxd1 Rd8 24. Rxd8+ Qxd8 25. Qd3 Qxd3 26. Bxd3 Be5 27.
f3 f5 28. Nd2 Kf7 29. Kf2 a5 30. Nc4 Bc7 31. Ke2 b5 32. Nd2 Bc6 33. Nb3 e5 34.
Ke3 Bb6+ 35. Ke2 a4 36. Nc1 e4 37. fxe4 fxe4 38. Bc2 Bd5 39. Bb1 Kf6 40. Ba2
Ke5 41. Bxd5 Kxd5 42. Na2 Kc4 43. Kd1 Kb3 44. Nb4 Kxb2 45. Nd5 Bc5 46. Nc7 Bxa3
47. Nxb5 Bc5 48. Nd4 Bxd4 49. cxd4 a3 50. d5 a2 51. d6 a1=Q+ 52. Ke2 Qa6+ 53.
Ke3 Qxd6 54. Kxe4 Kc3 55. Kf3 Kd3 56. g4 Qf6+ 57. Kg3 Ke3 58. g5 Qf2+ 59. Kg4
h5# 0-1

[Event "4NCL Online Division 4"]
[Site "online"]
[Date "2020.11.03"]
[Round "6.141"]
[White "Marshall, John R"]
[Black "Smith, Peter J"]
[Result "1-0"]
[WhiteElo "1660"]
[BlackElo "1667"]
[PlyCount "93"]
[EventDate "2020.11.03"]
[WhiteTeam "Temple Sutton"]
[BlackTeam "Bishop Trojans"]

1. d4 h6 2. c4 a6 3. e4 d6 4. g3 c6 5. Bg2 Qc7 6. Nf3 Nd7 7. O-O g5 8. e5 dxe5
9. dxe5 e6 10. a3 Nxe5 11. Nxe5 Qxe5 12. Re1 Qc7 13. Bd2 Be7 14. Bc3 Nf6 15.
Qf3 g4 16. Qe3 Bd7 17. Be5 Qd8 18. b4 h5 19. Nc3 h4 20. Ne4 hxg3 21. hxg3 Rh5
22. Nd6+ Bxd6 23. Bxd6 Nh7 24. Qd4 Nf6 25. Rad1 Rh6 26. Qf4 Rg6 27. Re5 Ng8 28.
Rh5 Qf6 29. Qd2 O-O-O 30. b5 Be8 31. bxa6 b6 32. Qb4 Rxd6 33. Qxd6 e5 34. Qxf6
Rxf6 35. Rxe5 Re6 36. Rxe6 fxe6 37. Rd8+ Kxd8 38. a7 Ne7 39. a8=Q+ Kd7 40. Qb7+
Kd8 41. Qxb6+ Kd7 42. a4 Kd6 43. c5+ Ke5 44. Qc7+ Kf6 45. a5 Nd5 46. Qd8+ Kf7
47. a6 1-0

[Event "4NCL Online Division 4"]
[Site "online"]
[Date "2020.11.03"]
[Round "6.142"]
[White "Robinson, Brian"]
[Black "Pool, Melvin R"]
[Result "1/2-1/2"]
[WhiteElo "1557"]
[BlackElo "1645"]
[PlyCount "111"]
[EventDate "2020.11.03"]
[WhiteTeam "Bishop Trojans"]
[BlackTeam "Temple Sutton"]

1. d4 e5 2. dxe5 Nc6 3. Nf3 Qe7 4. Nbd2 Nxe5 5. Nxe5 Qxe5 6. Nf3 Qe6 7. g3 Bc5
8. Bg2 Nf6 9. O-O O-O 10. Bf4 Qb6 11. e3 h6 12. Be5 Ng4 13. Bd4 Bxd4 14. Qxd4
Qxd4 15. Nxd4 c6 16. Nf5 d5 17. Nd4 Be6 18. b4 a5 19. a3 Ne5 20. Nb3 Bf5 21.
Nd4 Bd7 22. Rfe1 b6 23. e4 dxe4 24. Bxe4 axb4 25. axb4 Rxa1 26. Rxa1 c5 27.
bxc5 bxc5 28. Nb3 c4 29. Nd4 Rc8 30. c3 Bc6 31. Nxc6 Nxc6 32. Ra4 Ne7 33. Bb7
Rc7 34. Be4 f5 35. Bf3 g5 36. Be2 Nd5 37. Rxc4 Kg7 38. Rxc7+ Nxc7 39. c4 Kf6
40. Kf1 Ke5 41. Ke1 Kd4 42. Kd2 Ne6 43. f3 f4 44. Bd3 fxg3 45. hxg3 Nc5 46. Be2
Nd7 47. Bf1 Ne5 48. Be2 Nxc4+ 49. Bxc4 Kxc4 50. Ke3 Kd5 51. f4 gxf4+ 52. Kxf4
Ke6 53. Kg4 Kf6 54. Kf4 h5 55. g4 hxg4 56. Kxg4 1/2-1/2

[Event "4NCL Online Division 4"]
[Site "online"]
[Date "2020.11.03"]
[Round "6.143"]
[White "Perks, Gary M"]
[Black "Bainbridge, Bryan J"]
[Result "0-1"]
[WhiteElo "1547"]
[BlackElo "1547"]
[PlyCount "44"]
[EventDate "2020.11.03"]
[WhiteTeam "Temple Sutton"]
[BlackTeam "Bishop Trojans"]

1. d4 b5 2. Bf4 Bb7 3. e3 e6 4. Nf3 a6 5. c3 c5 6. Nbd2 cxd4 7. exd4 h6 8. h3
Nf6 9. Bd3 Nc6 10. O-O Be7 11. Re1 d6 12. Re2 O-O 13. Qc2 Rc8 14. a3 d5 15.
Rae1 Bd6 16. Bxd6 Qxd6 17. Qb1 Rce8 18. Ne5 Nd7 19. Ndf3 Ncxe5 20. Nxe5 Nf6 21.
Re4 dxe4 22. Bxe4 Bxe4 0-1

[Event "4NCL Online Division 4"]
[Site "online"]
[Date "2020.11.03"]
[Round "6.144"]
[White "Berry, Robert"]
[Black "Clancy, Mark"]
[Result "0-1"]
[WhiteElo "1555"]
[BlackElo "1450"]
[PlyCount "88"]
[EventDate "2020.11.03"]
[WhiteTeam "Bishop Trojans"]
[BlackTeam "Temple Sutton"]

1. e4 e5 2. Nf3 d6 3. h3 Nf6 4. Nc3 Nc6 5. a3 Be7 6. Bc4 O-O 7. d3 Bd7 8. O-O
h6 9. Ne2 Qc8 10. Kh2 a6 11. Bd2 Bd8 12. Ng3 Ne7 13. Nh4 c6 14. f4 Bc7 15. f5
d5 16. Ba2 Kh7 17. Nh5 Neg8 18. Ng3 Qd8 19. Nf3 Re8 20. c4 dxc4 21. Bxc4 Bc8
22. Bxf7 Re7 23. Bg6+ Kh8 24. Bb4 Rd7 25. Ne1 a5 26. Bc3 b6 27. Qf3 Ba6 28. Rd1
Qe7 29. Rf2 Rad8 30. Rfd2 c5 31. Ne2 b5 32. b3 c4 33. bxc4 bxc4 34. dxc4 Rxd2
35. Rxd2 Rxd2 36. Bxd2 Bxc4 37. g4 Qd6 38. Bc1 Qd1 39. g5 Bxe2 40. Qg3 Nxe4 41.
Qe3 Nxg5 42. h4 e4+ 43. Kg2 Qxe1 44. Qf2 Bf3+ 0-1